US Major Cities by County - Statistics

General Stats
  • This quiz has been taken 26 times
  • The average score is 18 of 26
Answer Stats
County / Borough / Parish City % Correct
Miami-Dade Miami
100%
Manhattan New York
100%
Orleans New Orleans
95%
Salt Lake Salt Lake City
95%
Oklahoma Oklahoma City
91%
Cook Chicago
86%
Wayne Detroit
82%
King Seattle
82%
Fulton Atlanta
77%
Alameda Oakland
77%
Maricopa Phoenix
77%
Hennepin Minneapolis
73%
Suffolk Boston
68%
Harris Houston
68%
Santa Clara San Jose
68%
Mecklenburg Charlotte
64%
Clark Las Vegas
64%
Davidson Nashville
64%
Bexar San Antonio
64%
Duval Jacksonville
59%
Multnomah Portland
59%
Travis Austin
45%
Tarrant Fort Worth
45%
Franklin Columbus
36%
Sedgwick Wichita
36%
Marion Indianapolis
32%
No matching quizzes found
Score Distribution
Percent of People with Each Score
Percentile by Number Answered
Your Score History
You have not taken this quiz